[Event "WYCC 2018 O14"]
[Site "Halkidiki"]
[Date "2018.10.22"]
[Round "4"]
[White "Tanriverdi, Enes"]
[Black "Rasti, Arvin"]
[Result "1-0"]
[WhiteElo "2317"]
[BlackElo "2064"]
[Annotator "NA"]
[PlyCount "91"]
[EventDate "2018.10.20"]
[EventType "swiss"]
[EventCountry "GRE"]
[SourceTitle "playchess.com"]
[Source "ChessBase"]
[SourceQuality "1"]
[TimeControl "40/5400+30:1800+30"]

1. d4 {[%emt 0:00:00]} Nf6 {[%emt 0:00:00]} 2. c4 {[%emt 0:00:00]} e6 {[%emt 0:00:00]} 3. Nf3 {[%emt 0:00:00]} b6 {[%emt 0:00:00]} 4. g3 {[%emt 0:00:06]} Bb7 {[%emt 0:00:04]} 5. Bg2 {[%emt 0:00:06]} Be7 {[%emt 0:00:05]} 6. O-O {[%emt 0:00:05]} O-O {[%emt 0:00:05]} 7. Nc3 {[%emt 0:00:02]} Ne4 {[%emt 0:00:05]} 8. Bd2 {[%emt 0:00:05]} f5 {[%emt 0:00:24]} 9. Ne5 {[%emt 0:04:47] E18: Damenindisch (Hauptfortsetzung)} (9. Qc2 Nxc3 10. Qxc3 Bf6 11. Rad1 Nc6 12. Qe3 Ne7 13. Bc3 Qe8 14. Ne1 Bxg2 15. Nxg2 Ng6 16. Qd3 Rd8 17. e4 fxe4 18. Qxe4 {½-½ (41) Aronian,L (2780)-Ivanchuk,V (2757) Leuven 2017}) 9... Nxc3 {[%emt 0:10:02]} 10. Bxc3 {[%emt 0:00:05]} Bxg2 {[%emt 0:00:10]} 11. Kxg2 {[%emt 0:00:04]} Bf6 {[%emt 0:00:49]} 12. Re1 {[%emt 0:04:58]} Bxe5 $146 {[%emt 0:02:43]} ({Vorgänger:} 12... a5 13. Rc1 Na6 14. Nd3 Qe7 15. a3 Qd6 16. Nf4 Rae8 17. Qd3 c5 18. e3 cxd4 19. exd4 Bg5 20. Qf3 Rc8 21. Qb7 Nb8 22. d5 {½-½ (22) Simeonidis,I (2266)-Nikolaou,S (2096) Nikaia 2015}) 13. dxe5 {[%emt 0:00:06]} a5 {[%emt 0:00:35]} 14. e4 {[%emt 0:09:37]} Na6 {[%emt 0:06:35]} 15. exf5 {[%emt 0:00:50]} Rxf5 {[%emt 0:00:20]} 16. f4 {[%emt 0:00:12]} Qe7 {[%emt 0:02:28]} 17. a3 {[%emt 0:04:32]} Raf8 {[%emt 0:02:46]} 18. Rb1 {[%emt 0:00:50]} g5 {[%emt 0:04:05]} 19. Bd2 {[%emt 0:02:11]} gxf4 {[%emt 0:03:10]} 20. Bxf4 {[%emt 0:00:11]} Qg7 {[%emt 0:03:42]} 21. Kh1 {[%emt 0:00:56]} h5 {[%emt 0:03:49]} 22. b4 {[%emt 0:13:27]} axb4 {[%emt 0:06:32]} 23. axb4 {[%emt 0:00:07]} Qg4 {[%emt 0:01:57]} (23... Qh7 $11 {keeps the balance.}) 24. Qxg4+ {[%emt 0:02:30]} hxg4 {[%emt 0:01:06]} 25. Red1 {[%emt 0:00:06]} R8f7 {[%emt 0:00:28]} 26. Rd2 {[%emt 0:01:16]} Rh5 {[%emt 0:02:08]} 27. Ra2 {[%emt 0:00:46]} Nb8 {[%emt 0:03:13]} 28. b5 {[%emt 0:01:32]} Kg7 $16 {[%emt 0:01:31]} 29. Ra8 {[%emt 0:16:15]} Rf8 {[%emt 0:00:32]} 30. Rba1 {[%emt 0:02:59]} d6 {[%emt 0:07:40]} 31. R8a7 {[%emt 0:04:13]} dxe5 {[%emt 0:04:13]} 32. Rxc7+ {[%emt 0:00:05]} Kg6 {[%emt 0:00:32]} 33. Be3 {[%emt 0:01:07]} Rf3 {[%emt 0:03:55]} 34. Bxb6 {[%emt 0:00:28]} Rxg3 {[%emt 0:00:12]} 35. Rg1 {[%emt 0:00:58]} Rd3 {[%emt 0:01:28]} 36. Rxg4+ {[%emt 0:01:12]} Kf5 {[%emt 0:00:10]} 37. Rg2 {[%emt 0:00:13]} Nd7 {[%emt 0:00:40]} 38. Bg1 {[%emt 0:00:33]} Rd1 {[%emt 0:01:07]} 39. c5 {[%emt 0:00:44]} e4 {[%emt 0:00:17]} 40. Rxd7 {[%emt 0:00:00]} Rxd7 {[%emt 0:00:00]} 41. c6 {[%emt 0:08:16]} Rc7 {[%emt 0:01:06]} 42. Rc2 {[%emt 0:00:20]} e3 {[%emt 0:05:43]} 43. Rc5+ {[%emt 0:12:19]} e5 {[%emt 0:01:31]} 44. Bxe3 {[%emt 0:00:31]} Ra7 {[%emt 0:01:30]} 45. c7 {[%emt 0:00:56]} Ra1+ {[%emt 0:00:40]} 46. Bg1 {[%emt 0:00:35]} 1-0

[Event "WYCC 2018 O14"]
[Site "Halkidiki"]
[Date "2018.10.22"]
[Round "4"]
[White "Nogerbek, Kazybek"]
[Black "Boyer, Mahel"]
[Result "1-0"]
[WhiteElo "2316"]
[BlackElo "2227"]
[Annotator "NA"]
[PlyCount "85"]
[EventDate "2018.10.20"]
[EventType "swiss"]
[EventCountry "GRE"]
[SourceTitle "playchess.com"]
[Source "ChessBase"]
[SourceQuality "1"]
[TimeControl "40/5400+30:1800+30"]

1. e4 {[%emt 0:00:00]} Nc6 {[%emt 0:00:00]} 2. Nf3 {[%emt 0:00:09]} d6 {[%emt 0:00:00]} 3. d4 {[%emt 0:01:39]} Nf6 {[%emt 0:00:00]} 4. Nc3 {[%emt 0:00:38]} g6 {[%emt 0:00:00]} 5. Be2 {[%emt 0:01:04]} Bg7 {[%emt 0:00:00]} 6. O-O {[%emt 0:00:09]} O-O {[%emt 0:01:56]} 7. d5 {[%emt 0:00:05]} Nb8 {[%emt 0:00:01]} 8. Re1 {[%emt 0:00:12]} Bg4 {[%emt 0:00:13] B08: Pirc Defence: Classical System} (8... c6 9. Bf4 b5 10. a3 a6 11. Qd2 Bb7 12. Rad1 Nbd7 13. dxc6 Bxc6 14. e5 dxe5 15. Nxe5 Nxe5 16. Bxe5 Qxd2 17. Rxd2 {½-½ (48) Anand,V (2782)-Carlsen,M (2837) Riadh 2017}) 9. h3 {[%emt 0:02:33]} Bxf3 {[%emt 0:00:03]} 10. Bxf3 {[%emt 0:00:06]} c6 {[%emt 0:06:35]} 11. g3 {[%emt 0:05:39]} Nfd7 $146 {[%emt 0:17:23]} ({Predecessor:} 11... Nbd7 12. Bg2 Qa5 13. Bd2 Qc7 14. Be3 Rfe8 15. Ne2 a5 16. c4 {½-½ (52) Julin,A (2220)-Sivuk,V (2346) Kiev 2009}) 12. Bg2 {[%emt 0:06:00]} a6 {[%emt 0:03:52]} 13. Bg5 {[%emt 0:04:38]} b5 {[%emt 0:05:08]} 14. Qd2 {[%emt 0:12:02]} Nb6 {[%emt 0:07:17]} 15. Bh6 {[%emt 0:07:56]} Nc4 {[%emt 0:15:34]} 16. Qc1 {[%emt 0:00:21]} Nd7 {[%emt 0:01:23]} 17. Bxg7 {[%emt 0:00:35]} Kxg7 {[%emt 0:00:41]} 18. dxc6 {[%emt 0:03:08]} Nde5 {[%emt 0:01:48]} 19. a4 {[%emt 0:03:46]} bxa4 {[%emt 0:05:18]} 20. Rxa4 {[%emt 0:05:05]} Nb6 {[%emt 0:00:19]} 21. Ra3 {[%emt 0:04:31]} e6 {[%emt 0:07:15]} 22. Qa1 $14 {[%emt 0:05:29]} Qc8 {[%emt 0:01:33]} 23. b3 {[%emt 0:04:51]} Kg8 {[%emt 0:07:22]} 24. Nd5 {[%emt 0:07:35]} exd5 {[%emt 0:00:33]} 25. exd5 {[%emt 0:00:14]} g5 {[%emt 0:03:31]} 26. Qd4 {[%emt 0:04:32]} Rb8 {[%emt 0:02:02]} 27. h4 {[%emt 0:06:11]} f6 {[%emt 0:05:19]} 28. Rea1 {[%emt 0:01:53]} Qf5 {[%emt 0:01:14]} 29. Rxa6 {[%emt 0:01:13]} Nc8 {[%emt 0:00:01]} 30. Qe4 {[%emt 0:01:21]} Qxe4 {[%emt 0:00:59]} 31. Bxe4 {[%emt 0:00:01]} f5 {[%emt 0:01:26]} 32. Bg2 {[%emt 0:00:10]} gxh4 {[%emt 0:00:51]} 33. gxh4 {[%emt 0:00:05]} f4 {[%emt 0:02:45]} 34. Bh3 {[%emt 0:00:28]} Nf3+ {[%emt 0:01:09]} 35. Kh1 {[%emt 0:01:41]} Nxh4 {[%emt 0:00:01]} 36. Ra8 {[%emt 0:01:07]} Ne7 {[%emt 0:01:47]} 37. Rxb8 Rxb8 {[%emt 0:00:00]} 38. c7 {[%emt 0:02:14]} Rf8 {[%emt 0:00:00]} 39. b4 {[%emt 0:00:00]} Nhf5 {[%emt 0:00:00]} 40. b5 {[%emt 0:00:00]} Nxd5 {[%emt 0:00:00]} 41. Bxf5 {[%emt 0:08:40]} Nxc7 {[%emt 0:08:19]} 42. b6 {[%emt 0:00:07]} Nb5 {[%emt 0:05:13]} 43. b7 {[%emt 0:00:38]} 1-0

[Event "WYCC 2018 O14"]
[Site "Halkidiki"]
[Date "2018.10.22"]
[Round "4"]
[White "Cardoso Cardoso, Jose Gabriel"]
[Black "Tengis, Tsog-Ochir"]
[Result "1-0"]
[WhiteElo "2313"]
[BlackElo "2205"]
[Annotator "NA"]
[PlyCount "71"]
[EventDate "2018.10.20"]
[EventType "swiss"]
[EventCountry "GRE"]
[SourceTitle "playchess.com"]
[Source "ChessBase"]
[SourceQuality "1"]
[TimeControl "40/5400+30:1800+30"]

1. d4 {[%emt 0:00:00]} Nf6 {[%emt 0:00:28]} 2. c4 {[%emt 0:00:00]} e6 {[%emt 0:05:50]} 3. Nc3 {[%emt 0:00:07]} d5 {[%emt 0:00:02]} 4. cxd5 {[%emt 0:00:16]} exd5 {[%emt 0:00:05]} 5. Bg5 {[%emt 0:00:07]} c6 {[%emt 0:01:51]} 6. e3 {[%emt 0:00:06]} Bb4 {[%emt 0:00:58]} 7. Qc2 {[%emt 0:02:25]} h6 {[%emt 0:01:30] E35: Nimzo-Indian: Classical: 4...d5 5 cxd5 exd5} 8. Bh4 {[%emt 0:00:12]} Bg4 {[%emt 0:12:21]} (8... Nbd7 9. Bd3 {½-½ (9) Smith,A (2474)-Rozentalis,E (2600) Koge 2014}) 9. Bd3 {[%emt 0:00:51]} Nbd7 {[%emt 0:01:40]} 10. h3 $146 {[%emt 0:03:32]} ({Predecessor:} 10. f3 Be6 11. Nge2 O-O 12. O-O Re8 13. Kh1 Nf8 14. e4 Be7 15. e5 {1-0 (47) Samdanov,S (2188)-Vorobiov,N (2002) Khanty-Mansiysk 2011}) 10... Be6 {[%emt 0:00:55]} 11. Nge2 {[%emt 0:00:09]} c5 {[%emt 0:03:53]} 12. O-O {[%emt 0:08:49]} O-O {[%emt 0:06:00]} 13. Rad1 {[%emt 0:08:01]} Rc8 {[%emt 0:03:28]} 14. dxc5 {[%emt 0:05:11]} Nxc5 {[%emt 0:16:13]} 15. Bh7+ {[%emt 0:06:37]} Kh8 {[%emt 0:01:00]} 16. Bf5 {[%emt 0:01:08]} Qd7 {[%emt 0:02:30]} (16... Bxc3 $14 17. Nxc3 Qd7) 17. Bxe6 {[%emt 0:14:57]} fxe6 {[%emt 0:00:05]} 18. Nf4 {[%emt 0:04:03]} Kg8 {[%emt 0:15:48]} 19. Bxf6 {[%emt 0:05:07]} gxf6 {[%emt 0:01:03]} 20. Ncxd5 {[%emt 0:00:25]} exd5 {[%emt 0:00:18]} 21. Nxd5 {[%emt 0:00:27]} Na6 {[%emt 0:00:21]} 22. Qb3 {[%emt 0:15:30]} Qf7 {[%emt 0:03:17]} 23. Rd4 {[%emt 0:03:38]} Bc5 $11 {[%emt 0:04:58]} 24. Rf4 {[%emt 0:03:04]} Kh8 {[%emt 0:02:44]} 25. Rxf6 {[%emt 0:01:33]} Qg7 {[%emt 0:00:07]} 26. Re6 {[%emt 0:02:28]} Nc7 {[%emt 0:01:41]} 27. Nxc7 {[%emt 0:02:12]} Rxc7 {[%emt 0:00:03]} 28. Rc1 {[%emt 0:01:54]} b6 {[%emt 0:06:11]} 29. Rc4 {[%emt 0:00:42]} h5 {[%emt 0:08:07]} 30. Qd1 {[%emt 0:02:47]} Rf5 {[%emt 0:00:35]} 31. b4 {[%emt 0:03:39]} Rd7 {[%emt 0:00:51]} 32. Qc2 {[%emt 0:01:06]} Rg5 {[%emt 0:00:23]} 33. bxc5 {[%emt 0:02:41]} Rxg2+ {[%emt 0:00:02]} 34. Kf1 {[%emt 0:00:02]} Rg1+ {[%emt 0:00:47]} 35. Ke2 {[%emt 0:00:02]} Qg2 {[%emt 0:00:49]} 36. Rh6+ {[%emt 0:00:42]} 1-0

[Event "WYCC 2018 O14"]
[Site "Halkidiki"]
[Date "2018.10.22"]
[Round "4"]
[White "Tsay, Vincent"]
[Black "Wernberg, Hugo"]
[Result "1-0"]
[WhiteElo "2310"]
[BlackElo "1956"]
[Annotator "NA"]
[PlyCount "59"]
[EventDate "2018.10.20"]
[EventType "swiss"]
[EventCountry "GRE"]
[SourceTitle "playchess.com"]
[Source "ChessBase"]
[SourceQuality "1"]
[TimeControl "40/5400+30:1800+30"]

1. d4 {[%emt 0:00:00]} d5 {[%emt 0:00:00]} 2. c4 {[%emt 0:00:00]} c6 {[%emt 0:00:00]} 3. Nf3 {[%emt 0:00:00]} Nf6 {[%emt 0:00:05]} 4. Nbd2 {[%emt 0:00:00]} Bf5 {[%emt 0:04:19]} 5. Nh4 {[%emt 0:03:52]} Be4 {[%emt 0:08:37]} 6. e3 {[%emt 0:06:39]} Nbd7 {[%emt 0:09:13]} 7. Nhf3 {[%emt 0:15:02]} Qc7 {[%emt 0:01:53]} 8. Be2 {[%emt 0:07:48]} e5 {[%emt 0:03:02]} 9. O-O {[%emt 0:11:18]} Bxf3 {[%emt 0:02:00]} 10. Nxf3 {[%emt 0:01:30]} e4 {[%emt 0:00:10]} 11. Nd2 {[%emt 0:00:28]} Bd6 {[%emt 0:01:27]} 12. h3 {[%emt 0:00:39]} g5 $14 {[%emt 0:12:35]} 13. Qc2 {[%emt 0:04:55]} Qd8 {[%emt 0:17:02]} 14. f3 {[%emt 0:04:01]} Qe7 {[%emt 0:01:42]} 15. cxd5 {[%emt 0:04:15]} cxd5 {[%emt 0:03:59]} 16. fxe4 {[%emt 0:02:18]} dxe4 {[%emt 0:03:22]} 17. Bb5 {[%emt 0:06:13]} a6 {[%emt 0:04:07]} 18. Bxd7+ {[%emt 0:04:18]} Kxd7 {[%emt 0:00:04]} 19. Nc4 {[%emt 0:01:08]} Bc7 {[%emt 0:01:32]} 20. Qf2 {[%emt 0:08:44]} Nd5 {[%emt 0:01:51]} 21. b3 {[%emt 0:04:21]} b5 {[%emt 0:01:31]} 22. Ne5+ {[%emt 0:01:22]} Bxe5 {[%emt 0:00:39]} 23. dxe5 {[%emt 0:00:06]} Rhf8 {[%emt 0:03:41]} 24. Bb2 {[%emt 0:03:50]} Rad8 {[%emt 0:05:01]} 25. Qf5+ {[%emt 0:03:45]} Qe6 {[%emt 0:00:58]} 26. Qxe4 {[%emt 0:01:21]} f5 {[%emt 0:00:25]} 27. Qd4 {[%emt 0:00:11]} Ke7 {[%emt 0:01:49]} 28. Rad1 {[%emt 0:01:06]} Qd7 {[%emt 0:08:40]} 29. Ba3+ {[%emt 0:00:26]} b4 {[%emt 0:00:30]} 30. Bxb4+ {[%emt 0:00:07]} 1-0

[Event "WYCC 2018 O14"]
[Site "Halkidiki"]
[Date "2018.10.22"]
[Round "4"]
[White "Krastev, Alexander"]
[Black "Redzisz, Michal"]
[Result "1-0"]
[WhiteElo "2298"]
[BlackElo "2026"]
[Annotator "NA"]
[PlyCount "73"]
[EventDate "2018.10.20"]
[EventType "swiss"]
[EventCountry "GRE"]
[SourceTitle "playchess.com"]
[Source "ChessBase"]
[SourceQuality "1"]
[TimeControl "40/5400+30:1800+30"]

1. e4 {[%emt 0:00:00]} c5 {[%emt 0:00:00]} 2. Nf3 {[%emt 0:00:00]} e6 {[%emt 0:00:00]} 3. d4 {[%emt 0:00:00]} cxd4 {[%emt 0:00:00]} 4. Nxd4 {[%emt 0:00:00]} a6 {[%emt 0:00:00]} 5. Bd3 {[%emt 0:00:18]} Qc7 {[%emt 0:00:00]} 6. O-O {[%emt 0:01:25]} Nf6 {[%emt 0:00:55]} 7. c4 {[%emt 0:09:15]} b6 {[%emt 0:00:34]} 8. Nc3 {[%emt 0:01:43] B42: Sicilian: Kan Variation: 5 Bd3} Bb7 {[%emt 0:01:18]} 9. Qe2 {[%emt 0:01:32]} (9. Kh1 Nc6 10. Nxc6 Qxc6 11. Qe2 Bb4 12. Nd5 Bc5 13. Be3 Bxe3 14. Qxe3 Nxd5 15. cxd5 Qd6 16. Rfd1 O-O 17. e5 Qb4 18. a3 Qxb2 19. Rdb1 Qc3 20. Bxh7+ {1-0 (20) Saric,I (2660)-Ghaem Maghami,E (2551) Almaty 2016}) 9... d6 {[%emt 0:00:51]} 10. b3 {[%emt 0:02:04]} Nbd7 {[%emt 0:01:52]} 11. Bb2 {[%emt 0:01:17]} Be7 {[%emt 0:01:36]} 12. Kh1 {[%emt 0:01:31]} O-O {[%emt 0:02:19]} 13. Rae1 {[%emt 0:07:51]} Rac8 {[%emt 0:17:00]} 14. Bb1 {[%emt 0:02:57]} Rfe8 $146 {[%emt 0:01:22]} ({Predecessor:} 14... Qc5 15. Qd2 {1-0 (49) Tamas,M (2180)-Solymosi,I (2195) Hungary 2008}) 15. f4 {[%emt 0:04:17]} e5 {[%emt 0:00:44]} 16. Nf5 {[%emt 0:01:28]} Bf8 {[%emt 0:01:47]} 17. Qd2 {[%emt 0:18:49]} exf4 {[%emt 0:14:26]} 18. Qxf4 {[%emt 0:00:56]} Ne5 {[%emt 0:03:17]} 19. Nd5 {[%emt 0:01:06]} Nxd5 {[%emt 0:01:02]} 20. exd5 $16 {[%emt 0:00:37]} b5 {[%emt 0:03:08]} 21. c5 {[%emt 0:26:11]} Ng6 {[%emt 0:05:35]} 22. cxd6 {[%emt 0:02:39]} Nxf4 {[%emt 0:05:59]} 23. dxc7 {[%emt 0:00:47]} Bxd5 {[%emt 0:07:03]} 24. Rxe8 {[%emt 0:01:02]} Rxe8 {[%emt 0:02:46]} 25. c8=Q {[%emt 0:00:48]} Bxg2+ {[%emt 0:02:43]} 26. Kg1 {[%emt 0:00:05]} Rxc8 {[%emt 0:01:38]} 27. Rxf4 {[%emt 0:00:05]} Bb7 {[%emt 0:00:42]} 28. Nh6+ {[%emt 0:02:11]} Kh8 {[%emt 0:00:52]} 29. Nxf7+ {[%emt 0:01:04]} Kg8 {[%emt 0:00:15]} 30. Ng5 {[%emt 0:02:12]} Bc5+ {[%emt 0:00:39]} 31. Kf1 {[%emt 0:00:20]} h6 {[%emt 0:00:22]} 32. Ne4 {[%emt 0:02:29]} Be3 {[%emt 0:00:59]} 33. Rg4 {[%emt 0:01:05]} Rf8+ {[%emt 0:01:34]} 34. Ke2 {[%emt 0:00:34]} Bxe4 {[%emt 0:00:18]} 35. Rxg7+ {[%emt 0:00:38]} Kh8 {[%emt 0:00:02]} 36. Rg4+ {[%emt 0:00:29]} Kh7 {[%emt 0:00:09]} 37. Bxe4+ {[%emt 0:00:04]} 1-0

[Event "WYCC 2018 O14"]
[Site "Halkidiki"]
[Date "2018.10.22"]
[Round "4"]
[White "Ozenir, Ekin Baris"]
[Black "Pogosyan, Stefan"]
[Result "0-1"]
[WhiteElo "2293"]
[BlackElo "2373"]
[Annotator "NA"]
[PlyCount "91"]
[EventDate "2018.10.20"]
[EventType "swiss"]
[EventCountry "GRE"]
[SourceTitle "playchess.com"]
[Source "ChessBase"]
[SourceQuality "1"]
[TimeControl "40/5400+30:1800+30"]

1. d4 {[%emt 0:00:00]} Nf6 {[%emt 0:00:00]} 2. Bg5 {[%emt 0:00:00]} e6 {[%emt 0:00:00]} 3. e4 {[%emt 0:00:56]} c5 {[%emt 0:00:14]} 4. d5 {[%emt 0:01:13]} d6 {[%emt 0:01:39] A45: Damenbauernspiele (Trompowski-Angriff)} (4... h6 5. Bxf6 Qxf6 6. Nc3 a6 7. Nf3 d6 8. a4 Qe7 9. Bc4 e5 10. Be2 g6 11. O-O h5 12. Nd2 {½-½ (34) Kryakvin,D (2595)-Romanov,E (2614) Sochi 2018}) 5. Nc3 {[%emt 0:03:50]} Be7 {[%emt 0:00:52]} 6. Bb5+ {[%emt 0:02:55]} Bd7 {[%emt 0:04:26]} 7. dxe6 {[%emt 0:04:12]} fxe6 {[%emt 0:00:38]} 8. e5 {[%emt 0:04:48] LiveBook: 5 Partien} dxe5 {[%emt 0:02:45]} 9. Bxf6 {[%emt 0:03:27]} Bxf6 {[%emt 0:04:11]} 10. Qh5+ {[%emt 0:03:11]} g6 {[%emt 0:02:18]} 11. Qg4 {[%emt 0:01:48]} Nc6 {[%emt 0:05:53]} 12. O-O-O {[%emt 0:07:22]} Qe7 $146 {[%emt 0:07:44]} 13. Ne4 {[%emt 0:11:06]} a6 {[%emt 0:06:03]} 14. Bd3 {[%emt 0:16:48]} O-O-O {[%emt 0:08:16]} 15. c3 {[%emt 0:02:25]} Kc7 {[%emt 0:11:40]} 16. Nf3 {[%emt 0:02:27]} Bg7 {[%emt 0:06:43]} 17. Kb1 {[%emt 0:04:56]} b5 {[%emt 0:07:09]} 18. Qg5 {[%emt 0:04:47]} c4 $11 {[%emt 0:01:28]} 19. Bc2 {[%emt 0:00:25]} Bc8 {[%emt 0:01:12]} 20. Qe3 {[%emt 0:03:29]} Rd5 {[%emt 0:00:41]} 21. Ned2 {[%emt 0:02:16]} Rhd8 {[%emt 0:02:22]} 22. Be4 {[%emt 0:01:55]} Qf8 {[%emt 0:03:22]} 23. Qe2 {[%emt 0:02:15]} Bh6 {[%emt 0:03:45]} 24. Rhe1 {[%emt 0:02:05]} Qc5 {[%emt 0:03:45]} 25. g3 {[%emt 0:02:14]} b4 {[%emt 0:02:10]} 26. cxb4 {[%emt 0:02:32]} Qxb4 {[%emt 0:00:26]} 27. Bxd5 {[%emt 0:02:17]} exd5 {[%emt 0:00:12]} 28. a3 {[%emt 0:02:24]} Bf5+ {[%emt 0:04:35]} 29. Ka1 {[%emt 0:00:51]} Qa4 {[%emt 0:01:15]} 30. Rc1 {[%emt 0:02:01]} Bd3 {[%emt 0:02:03]} 31. Qd1 {[%emt 0:01:32]} Qxd1 {[%emt 0:02:53]} 32. Rcxd1 {[%emt 0:02:32]} e4 {[%emt 0:00:05]} 33. Nh4 {[%emt 0:00:46]} Bc2 {[%emt 0:00:21]} 34. f4 {[%emt 0:00:43]} Bxd1 {[%emt 0:00:46]} 35. Rxd1 {[%emt 0:00:01]} e3 {[%emt 0:01:36]} 36. Ndf3 {[%emt 0:00:18]} Bg7 {[%emt 0:03:02]} 37. Ng2 {[%emt 0:01:11]} d4 {[%emt 0:00:24]} 38. Rc1 {[%emt 0:00:28]} Na5 {[%emt 0:00:02]} 39. Ka2 {[%emt 0:00:28]} Kb6 {[%emt 0:01:53]} 40. h3 {[%emt 0:00:00]} Kb5 {[%emt 0:00:00]} 41. Re1 {[%emt 0:07:46]} Nb3 {[%emt 0:01:37]} 42. Ng5 {[%emt 0:05:46]} Re8 {[%emt 0:00:46]} 43. Nf3 {[%emt 0:03:51]} e2 {[%emt 0:01:20]} 44. a4+ {[%emt 0:02:17]} Kb4 {[%emt 0:01:40]} 45. Ne5 {[%emt 0:01:52]} d3 {[%emt 0:00:21]} 46. Nf3 0-1

[Event "WYCC 2018 O14"]
[Site "Halkidiki"]
[Date "2018.10.22"]
[Round "4"]
[White "Trifan, Andrei Ioan"]
[Black "Ibarra, Juan Martin"]
[Result "1-0"]
[WhiteElo "2290"]
[BlackElo "1899"]
[Annotator "NA"]
[PlyCount "79"]
[EventDate "2018.10.20"]
[EventType "swiss"]
[EventCountry "GRE"]
[SourceTitle "playchess.com"]
[Source "ChessBase"]
[SourceQuality "1"]
[TimeControl "40/5400+30:1800+30"]

1. e4 {[%emt 0:00:00]} c5 {[%emt 0:00:00]} 2. Nf3 {[%emt 0:00:00]} d6 {[%emt 0:00:00]} 3. d4 {[%emt 0:00:00]} cxd4 {[%emt 0:00:00]} 4. Nxd4 {[%emt 0:00:08]} Nf6 {[%emt 0:00:00]} 5. Nc3 {[%emt 0:00:21]} g6 {[%emt 0:00:21]} 6. Be3 {[%emt 0:00:23]} Bg7 {[%emt 0:00:05]} 7. f3 {[%emt 0:00:50]} O-O {[%emt 0:00:08]} 8. Qd2 {[%emt 0:00:33]} Nc6 {[%emt 0:00:04]} 9. O-O-O {[%emt 0:00:23]} d5 {[%emt 0:00:41]} 10. Qe1 {[%emt 0:00:35]} e5 {[%emt 0:03:11]} 11. Nxc6 {[%emt 0:00:22]} bxc6 {[%emt 0:00:04]} 12. exd5 {[%emt 0:00:30]} Nxd5 {[%emt 0:00:09]} 13. Bc4 {[%emt 0:00:54]} Be6 {[%emt 0:03:06]} 14. Kb1 {[%emt 0:00:26]} Qc7 {[%emt 0:06:47]} 15. Nxd5 {[%emt 0:12:49]} cxd5 {[%emt 0:00:51]} 16. Bxd5 {[%emt 0:00:29]} Bxd5 {[%emt 0:03:11]} 17. Rxd5 {[%emt 0:00:48]} Rab8 {[%emt 0:02:54]} 18. Qa5 {[%emt 0:08:44]} Qc4 $16 {[%emt 0:06:39]} 19. Qc5 {[%emt 0:14:41]} Qa4 {[%emt 0:14:43]} 20. b3 {[%emt 0:02:12]} Qh4 {[%emt 0:07:22]} 21. Rd7 {[%emt 0:08:58]} Bf6 {[%emt 0:11:01]} 22. Qd5 {[%emt 0:08:58]} Rbd8 {[%emt 0:02:31]} 23. Rxd8 {[%emt 0:01:29]} Rxd8 {[%emt 0:00:24]} 24. Qe4 {[%emt 0:00:33]} Qh5 {[%emt 0:05:03]} 25. h4 {[%emt 0:06:54]} Qf5 {[%emt 0:00:05]} 26. Qxf5 {[%emt 0:01:38]} gxf5 {[%emt 0:00:03]} 27. Bxa7 {[%emt 0:00:44]} Rd2 {[%emt 0:00:04]} 28. g4 {[%emt 0:04:21]} fxg4 {[%emt 0:00:22]} 29. fxg4 {[%emt 0:00:34]} e4 {[%emt 0:00:47]} 30. a4 {[%emt 0:01:34]} Bc3 {[%emt 0:00:16]} 31. Bc5 {[%emt 0:07:01]} Rg2 {[%emt 0:01:53]} 32. Rg1 {[%emt 0:07:57]} Rxg1+ {[%emt 0:00:13]} 33. Bxg1 {[%emt 0:00:04]} Bd2 {[%emt 0:00:06]} 34. c4 {[%emt 0:00:36]} h5 {[%emt 0:01:56]} 35. Kc2 {[%emt 0:03:00]} Be1 {[%emt 0:00:23]} 36. gxh5 {[%emt 0:01:04]} f5 {[%emt 0:00:21]} 37. c5 {[%emt 0:01:01]} Bg3 {[%emt 0:04:19]} 38. a5 {[%emt 0:01:14]} Bb8 {[%emt 0:01:44]} 39. c6 {[%emt 0:01:17]} Kf7 {[%emt 0:00:28]} 40. a6 {[%emt 0:00:00]} 1-0

[Event "WYCC 2018 O14"]
[Site "Halkidiki"]
[Date "2018.10.22"]
[Round "4"]
[White "Gines Esteo, Pedro Antonio"]
[Black "Huang, Renjie"]
[Result "1-0"]
[WhiteElo "2288"]
[BlackElo "2322"]
[Annotator "NA"]
[PlyCount "53"]
[EventDate "2018.10.20"]
[EventType "swiss"]
[EventCountry "GRE"]
[SourceTitle "playchess.com"]
[Source "ChessBase"]
[SourceQuality "1"]
[TimeControl "40/5400+30:1800+30"]

1. d4 {[%emt 0:00:00]} Nf6 {[%emt 0:00:00]} 2. c4 {[%emt 0:00:00]} e6 {[%emt 0:00:00]} 3. Nf3 {[%emt 0:00:00]} d5 {[%emt 0:00:05]} 4. g3 {[%emt 0:00:04]} dxc4 {[%emt 0:00:18]} 5. Bg2 {[%emt 0:00:07]} Nc6 {[%emt 0:00:05]} 6. O-O {[%emt 0:00:30]} a6 {[%emt 0:00:37]} 7. e3 {[%emt 0:06:59]} Bd7 {[%emt 0:02:36]} 8. Qe2 {[%emt 0:06:02]} b5 {[%emt 0:01:12]} 9. Rd1 {[%emt 0:03:47]} Rb8 {[%emt 0:04:15] E04: Open Catalan: 5 Nf3} (9... Bb4 10. b3 cxb3 11. axb3 O-O 12. e4 Ne7 13. Ne5 Nc6 14. Bg5 Be7 15. Nxd7 Qxd7 16. d5 exd5 17. Nc3 {1-0 (36) Aronian,L (2750)-Morozevich,A (2771) Nice 2009}) 10. b3 {[%emt 0:10:46]} cxb3 {[%emt 0:09:18]} 11. axb3 {[%emt 0:00:20]} Rb6 $146 {[%emt 0:06:16]} ({Predecessor:} 11... Nb4 12. Ne5 Bd6 13. Bd2 Rb6 14. Nd3 Nxd3 15. Qxd3 Qe7 16. Ba5 Rb8 17. e4 {1-0 (52) Hilverda,A (2365)-Chilla,J (2248) Werther 2016}) 12. e4 {[%emt 0:02:04]} Be7 {[%emt 0:00:02]} 13. d5 {[%emt 0:07:54]} exd5 {[%emt 0:00:09]} 14. e5 {[%emt 0:11:43]} Ne4 {[%emt 0:04:34]} 15. Rxd5 {[%emt 0:00:39]} Nc5 {[%emt 0:00:11]} 16. Be3 {[%emt 0:29:14]} Nxb3 {[%emt 0:00:14]} 17. Bxb6 {[%emt 0:00:15]} Nxa1 {[%emt 0:01:23]} 18. Be3 {[%emt 0:09:30]} Nc2 {[%emt 0:04:58]} 19. Bh3 {[%emt 0:03:01]} Nxe3 {[%emt 0:06:04]} 20. Rxd7 {[%emt 0:00:41]} Qa8 {[%emt 0:01:10]} 21. Qxe3 {[%emt 0:00:13]} O-O {[%emt 0:00:12]} 22. e6 {[%emt 0:01:35]} f6 {[%emt 0:04:07]} 23. Nh4 $18 {[%emt 0:01:19]} Re8 {[%emt 0:03:26]} 24. Bg2 {[%emt 0:00:15]} Qa7 {[%emt 0:02:32]} 25. Bxc6 {[%emt 0:01:05]} Qxe3 {[%emt 0:00:09]} 26. fxe3 {[%emt 0:00:05]} Bc5 {[%emt 0:00:10]} 27. Nf5 {[%emt 0:00:12]} 1-0